[Event "Madrid-ch Seniors 50"]
[Site "Madrid"]
[Date "2020.01.21"]
[Round "7"]
[White "Prieto Gonzalez, Cesar"]
[Black "Vukotic Jovsic, Dragan"]
[Result "0-1"]
[WhiteElo "1480"]
[BlackElo "1918"]
[PlyCount "58"]
[EventDate "2020.01.13"]
[EventType "swiss"]
[EventRounds "9"]
[EventCountry "ESP"]
[SourceTitle "CBM 194 Extra"]
[Source "ChessBase"]
[SourceDate "2020.03.31"]
[SourceVersion "1"]
[SourceVersionDate "2020.03.31"]
[SourceQuality "1"]

1. e4 c5 2. Nf3 d6 3. g3 Bg4 4. d3 Nc6 5. Bg2 Qd7 6. h3 Bh5 7. g4 Bg6 8. Nh4 0-0-0 9. Nxg6 hxg6 10. Nc3 e6 11. Be3 f5 12. Qd2 Nf6 13. g5 Ne8 14. 0-0-0 Nc7 15. Kb1 d5 16. exd5 Nxd5 17. Nxd5 exd5 18. Bf4 Rh4 19. Rde1 Bd6 20. Bxd6 Qxd6 21. Qe3 Rf4 22. Bxd5 Nd4 23. c3 Nb5 24. Kc2 Qxd5 25. Qxf4 Qxd3+ 26. Kc1 Nxc3 27. bxc3 Qxc3+ 28. Kb1 Rd4 29. Qc1 Rb4+ 0-1

[Event "Madrid-ch Seniors 50"]
[Site "Madrid"]
[Date "2020.01.15"]
[Round "3"]
[White "Prieto Gonzalez, Cesar"]
[Black "Martinez Carrasco, Jesus"]
[Result "1-0"]
[WhiteElo "1480"]
[BlackElo "1566"]
[PlyCount "103"]
[EventDate "2020.01.13"]
[EventType "swiss"]
[EventRounds "9"]
[EventCountry "ESP"]
[SourceTitle "CBM 194 Extra"]
[Source "ChessBase"]
[SourceDate "2020.03.31"]
[SourceVersion "1"]
[SourceVersionDate "2020.03.31"]
[SourceQuality "1"]

1. e4 c5 2. Nf3 d6 3. g3 Nf6 4. d3 Nc6 5. Bg2 g6 6. Nbd2 Bg7 7. 0-0 0-0 8. Re1 Qc7 9. c3 a6 10. a4 Bd7 11. Nf1 Rfe8 12. Ne3 e6 13. Bd2 Rac8 14. Qc2 b5 15. axb5 axb5 16. Rec1 e5 17. b4 cxb4 18. cxb4 Qb6 19. Qb2 Be6 20. h3 Ra8 21. Nc2 Nd7 22. Ng5 Rf8 23. Be3 Qb8 24. Nxe6 fxe6 25. Qb3 Qe8 26. Rxa8 Qxa8 27. Qxe6+ Rf7 28. Qxd6 Bf8 29. Qd5 Qa6 30. Ra1 Qc8 31. Qxb5 Nf6 32. Qc4 Qe8 33. b5 Nd8 34. Bf1 Nb7 35. b6 Kg7 36. Qc3 Bd6 37. Nb4 Qf8 38. Nd5 Nxd5 39. exd5 Bc5 40. Bxc5 Nxc5 41. Qxe5+ Kg8 42. f4 Nd7 43. Qd4 Qb8 44. Rb1 Rf6 45. b7 Rd6 46. h4 Qc7 47. Bh3 Nb6 48. Be6+ Kf8 49. Qf6+ Ke8 50. Qh8+ Ke7 51. Qg7+ Kd8 52. Qf8# 1-0

[Event "Madrid-ch Seniors 50"]
[Site "Madrid"]
[Date "2019.01.10"]
[Round "4"]
[White "Martin Rodriguez, Jose Luis"]
[Black "Prieto Gonzalez, Cesar"]
[Result "0-1"]
[WhiteElo "1285"]
[BlackElo "1505"]
[PlyCount "34"]
[EventDate "2019.01.07"]
[EventType "swiss"]
[EventRounds "9"]
[EventCountry "ESP"]
[SourceTitle "CBM 188 Extra"]
[Source "ChessBase"]
[SourceDate "2019.02.26"]
[SourceVersion "1"]
[SourceVersionDate "2019.02.26"]
[SourceQuality "1"]

1. c4 d6 2. Nc3 Nf6 3. Nf3 e5 4. d3 Nbd7 5. g3 c6 6. Bg2 Qc7 7. 0-0 Be7 8. Bd2 Nf8 9. b4 Ng6 10. Rb1 Bf5 11. Ng5 Qd7 12. b5 h6 13. bxc6 bxc6 14. Rb7 Qxb7 15. Qb3 Qxb3 16. Bxc6+ Bd7 17. Bxd7+ Nxd7 0-1

[Event "Madrid Tajamar Easter op-B"]
[Site "Madrid"]
[Date "2018.03.26"]
[Round "6"]
[White "Prieto Gonzalez, Cesar"]
[Black "Palacios Sanchez, Victor"]
[Result "0-1"]
[WhiteElo "1558"]
[BlackElo "1396"]
[PlyCount "64"]
[EventDate "2018.03.22"]
[EventType "swiss"]
[EventRounds "7"]
[EventCountry "ESP"]
[SourceTitle "EXT 2019"]
[Source "ChessBase"]
[SourceDate "2018.10.10"]
[SourceVersion "1"]
[SourceVersionDate "2018.10.10"]
[SourceQuality "1"]

1. e4 c5 2. Nc3 Nc6 3. f4 e6 4. Nf3 d5 5. e5 Nge7 6. Be2 Nf5 7. 0-0 a6 8. Bd3 g6 9. Bxf5 gxf5 10. Ne2 d4 11. d3 b5 12. Ng3 Bb7 13. Ng5 Be7 14. Nf3 Qd5 15. Qe2 0-0-0 16. Rd1 h5 17. c4 bxc4 18. dxc4 Qd7 19. a3 h4 20. Nf1 h3 21. g3 d3 22. Qf2 Na5 23. N1d2 Qc6 24. b3 Rd4 25. Bb2 Rxf4 26. gxf4 Bh4 27. Qf1 Rg8+ 28. Kh1 Nxb3 29. Ne4 Qxe4 30. Rxd3 Nxa1 31. Bxa1 Qxc4 32. Qd1 Bf2 0-1

[Event "Madrid Tajamar Easter op-B"]
[Site "Madrid"]
[Date "2018.03.25"]
[Round "5"]
[White "Garcia Alonso, David"]
[Black "Prieto Gonzalez, Cesar"]
[Result "1-0"]
[WhiteElo "1647"]
[BlackElo "1558"]
[PlyCount "111"]
[EventDate "2018.03.22"]
[EventType "swiss"]
[EventRounds "7"]
[EventCountry "ESP"]
[SourceTitle "EXT 2019"]
[Source "ChessBase"]
[SourceDate "2018.10.10"]
[SourceVersion "1"]
[SourceVersionDate "2018.10.10"]
[SourceQuality "1"]

1. e4 d6 2. d4 Nf6 3. Nc3 Nbd7 4. Nf3 e5 5. Bc4 h6 6. h3 Be7 7. Be3 c6 8. Bb3 Qc7 9. a4 Nf8 10. Qd2 Bd7 11. d5 g5 12. 0-0-0 c5 13. Nxe5 dxe5 14. d6 Qc6 15. dxe7 Kxe7 16. Nd5+ Nxd5 17. Qxd5 Qxd5 18. Rxd5 b6 19. Rxe5+ Ne6 20. f3 Rac8 21. Bc4 Bxa4 22. f4 Kf6 23. Rf5+ Kg6 24. fxg5 hxg5 25. Bxe6 fxe6 26. Rxg5+ Kf7 27. g4 Rcg8 28. Rxg8 Rxg8 29. g5 e5 30. h4 Bc6 31. Rf1+ Ke7 32. Rf5 Kd6 33. Rf6+ Kc7 34. h5 Bxe4 35. Re6 Rd8 36. b3 Rg8 37. Rxe5 Bf3 38. g6 Bxh5 39. Rxh5 Rxg6 40. Rh7+ Kc6 41. Rh6 Rxh6 42. Bxh6 b5 43. Kd2 Kd5 44. Kc3 a6 45. Be3 Kc6 46. Kd3 Kd5 47. Bf2 Kc6 48. c4 Kd6 49. Bg3+ Kc6 50. Be1 Kd6 51. Ke4 Kc6 52. Ba5 Kd6 53. Kf5 Kc6 54. Ke6 bxc4 55. bxc4 Kb7 56. Kd5 1-0

[Event "Madrid-ch Seniors 50"]
[Site "Madrid"]
[Date "2018.01.18"]
[Round "9"]
[White "Losada Gonzalez, Andres"]
[Black "Prieto Gonzalez, Cesar"]
[Result "0-1"]
[WhiteElo "1807"]
[BlackElo "1515"]
[PlyCount "74"]
[EventDate "2018.01.08"]
[EventType "swiss"]
[EventRounds "9"]
[EventCountry "ESP"]
[SourceTitle "CBM 182 Extra"]
[Source "ChessBase"]
[SourceDate "2018.02.23"]
[SourceVersion "1"]
[SourceVersionDate "2018.02.23"]
[SourceQuality "1"]

1. e4 d6 2. d4 Nf6 3. Nc3 Nbd7 4. Nf3 e5 5. Be2 Be7 6. 0-0 0-0 7. Re1 Re8 8. h3 c6 9. a4 a5 10. Bf1 Qc7 11. g4 exd4 12. Nxd4 Ne5 13. g5 Nfd7 14. Nf5 Nf8 15. Nxe7+ Qxe7 16. f4 Neg6 17. f5 Bxf5 18. exf5 Qxe1 19. Qxe1 Rxe1 20. fxg6 Nxg6 21. Kf2 Re5 22. Bd2 Rae8 23. Re1 Rf5+ 24. Kg3 Rxe1 25. Bxe1 Rxf1 26. Bf2 Rc1 27. Ne4 Rxc2 28. Nxd6 Rxb2 29. Be1 Rb3+ 30. Kg4 Ne5+ 31. Kf5 Rxh3 32. Nxb7 Nc4 33. Bxa5 Nxa5 34. Nxa5 c5 35. Ke5 Ra3 36. Nb7 Rxa4 37. Nxc5 Ra5 0-1

[Event "Madrid-ch Seniors 50"]
[Site "Madrid"]
[Date "2018.01.10"]
[Round "3"]
[White "Prieto Gonzalez, Cesar"]
[Black "Perales Hernandez, Manuel"]
[Result "0-1"]
[WhiteElo "1515"]
[BlackElo "1302"]
[PlyCount "78"]
[EventDate "2018.01.08"]
[EventType "swiss"]
[EventRounds "9"]
[EventCountry "ESP"]
[SourceTitle "CBM 182 Extra"]
[Source "ChessBase"]
[SourceDate "2018.02.23"]
[SourceVersion "1"]
[SourceVersionDate "2018.02.23"]
[SourceQuality "1"]

1. e4 e5 2. Nf3 Nf6 3. Nc3 d6 4. h3 a6 5. Bc4 h6 6. d3 Bd7 7. Be3 c5 8. a3 Be7 9. Ne2 Qc7 10. Ng3 b5 11. Ba2 Bc6 12. Nf5 Rg8 13. 0-0 c4 14. Re1 a5 15. Nd2 d5 16. Nxe7 Kxe7 17. exd5 Bxd5 18. dxc4 bxc4 19. c3 Qb7 20. Bc5+ Kd8 21. Nxc4 Nbd7 22. Nd6 Qc6 23. Bxd5 Nxd5 24. c4 Nf4 25. Qf3 Qxf3 26. gxf3 Nd3 27. Red1 N3xc5 28. Rd5 Ke7 29. Rad1 g6 30. b4 axb4 31. axb4 Nb3 32. c5 Ra1 33. c6 Rxd1+ 34. Rxd1 Nb6 35. b5 Nd4 36. Ne4 Rd8 37. Rb1 Nxf3+ 38. Kg2 Nd4 39. Nc5 Rd5 0-1

[Event "Madrid-ch Seniors 50"]
[Site "Madrid"]
[Date "2018.01.09"]
[Round "2"]
[White "Martinez Martinez, Javier II"]
[Black "Prieto Gonzalez, Cesar"]
[Result "1-0"]
[WhiteElo "1644"]
[BlackElo "1515"]
[PlyCount "53"]
[EventDate "2018.01.08"]
[EventType "swiss"]
[EventRounds "9"]
[EventCountry "ESP"]
[SourceTitle "CBM 182 Extra"]
[Source "ChessBase"]
[SourceDate "2018.02.23"]
[SourceVersion "1"]
[SourceVersionDate "2018.02.23"]
[SourceQuality "1"]

1. d4 g6 2. e4 d6 3. Nf3 Nf6 4. Bd3 Bg7 5. 0-0 0-0 6. c3 e5 7. Bg5 h6 8. Be3 Nc6 9. d5 Ne7 10. Qc1 Kh7 11. h3 Nh5 12. g4 Nf6 13. Kg2 Qd7 14. Rh1 Nxg4 15. hxg4 Qxg4+ 16. Kf1 Qxf3 17. Rg1 Ng8 18. Nd2 Qf6 19. Ke2 Qe7 20. Nf1 Nf6 21. f3 Nh5 22. Ng3 Nxg3+ 23. Rxg3 Rh8 24. Qg1 Bd7 25. Qg2 Rag8 26. Rh1 Qf6 27. Bg5 1-0

[Event "Madrid San Viator op-B 29th"]
[Site "Madrid"]
[Date "2017.10.01"]
[Round "3"]
[White "Merino Araguas, Jose Javier"]
[Black "Prieto Gonzalez, Cesar"]
[Result "1-0"]
[WhiteElo "1680"]
[BlackElo "1535"]
[PlyCount "66"]
[EventDate "2017.09.17"]
[EventType "swiss"]
[EventRounds "9"]
[EventCountry "ESP"]
[SourceTitle "EXT 2019"]
[Source "ChessBase"]
[SourceDate "2018.10.10"]
[SourceVersion "1"]
[SourceVersionDate "2018.10.10"]
[SourceQuality "1"]

1. d4 Nf6 2. c4 g6 3. Nc3 Bg7 4. e4 d6 5. f3 0-0 6. Bg5 h6 7. Be3 e5 8. d5 a5 9. Qd2 Kh7 10. Bd3 Nbd7 11. Nge2 b6 12. 0-0 Nc5 13. Bc2 Bd7 14. Rab1 Ng8 15. Ng3 Ne7 16. f4 f5 17. fxe5 dxe5 18. exf5 Nxf5 19. Nxf5 Bxf5 20. Bxf5 Rxf5 21. Rxf5 gxf5 22. Qf2 Qf8 23. Bxc5 bxc5 24. Rf1 e4 25. Qxf5+ Qxf5 26. Rxf5 Bd4+ 27. Kf1 Kg6 28. Rf4 e3 29. Ke2 Rb8 30. Nb5 c6 31. dxc6 Rc8 32. Nxd4 cxd4 33. Rxd4 Rxc6 1-0

[Event "Madrid San Viator op-B 27th"]
[Site "Madrid"]
[Date "2016.10.02"]
[Round "2"]
[White "Franco Rincon, David"]
[Black "Prieto Gonzalez, Cesar"]
[Result "1-0"]
[WhiteElo "1728"]
[BlackElo "1503"]
[PlyCount "111"]
[EventDate "2016.09.25"]
[EventType "swiss"]
[EventRounds "9"]
[EventCountry "ESP"]
[SourceTitle "EXT 2017"]
[Source "ChessBase"]
[SourceDate "2016.10.25"]
[SourceVersion "1"]
[SourceVersionDate "2016.10.25"]
[SourceQuality "1"]

1. b4 d6 2. Bb2 Nf6 3. e3 Nbd7 4. Nf3 e5 5. c4 b6 6. Be2 Bb7 7. 0-0 g6 8. d3 Bg7 9. Qb3 0-0 10. Nbd2 a5 11. a3 Kh8 12. Bc3 axb4 13. axb4 Ng8 14. Qb2 f5 15. Ne1 Qe7 16. Bf3 Rxa1 17. Qxa1 Ra8 18. Qb2 Bxf3 19. Ndxf3 Bf6 20. Nc2 e4 21. dxe4 fxe4 22. Nfd4 Qe5 23. Ne2 Qe7 24. Ncd4 Ne5 25. Qb3 Qf7 26. Nb5 Qe7 27. Nf4 c6 28. Nd4 Qe8 29. Rd1 g5 30. Nfe6 Qe7 31. f4 exf3 32. gxf3 Nxf3+ 33. Nxf3 Qxe6 34. Kf2 Rd8 35. Nxg5 Qf5+ 36. Nf3 Bxc3 37. Qxc3+ Qf6 38. Qxf6+ Nxf6 39. Ne5 Kg7 40. Nxc6 Rd7 41. Ke2 Kf8 42. Nd4 Ke7 43. Rg1 Kf7 44. Nf5 Ke6 45. Rf1 d5 46. Nd4+ Ke7 47. c5 bxc5 48. bxc5 Rc7 49. c6 h5 50. h3 Kf7 51. Kd3 Ke7 52. Kc3 Rc8 53. Kb4 Rb8+ 54. Kc5 Rb2 55. Rg1 Kf7 56. c7 1-0